| 000 | 00538nam a2200193 a 4500 | ||
|---|---|---|---|
| 001 | 000254142 | ||
| 003 | AM-YeHGA | ||
| 005 | 20250618071715.0 | ||
| 008 | 030814s1964 le |||||r|||||||||1|arm|d | ||
| 040 | _aAM-YeHGA | ||
| 041 | 0 | _aarm | |
| 100 | 1 |
_aՍնապյան, Պողոս Մարկոսի, _d1927-2014 _93742 |
|
| 245 | 1 | 0 |
_aԱւազախրած նաւը / _cՊօղոս Սնապեան. |
| 260 |
_aՊէյրութ : _bԱ.հ., _c1964. |
||
| 300 | _a172 էջ | ||
| 650 | 1 | 4 | _aԳրականություն |
| 942 |
_2udc _cBK |
||
| 090 | _c92715 | ||
| 999 |
_c91419 _d91419 |
||